000 00352nam a2200169Ia 4500
100 _aAllegratti/Joseph G
650 _aPhilosophy
942 _cBK
366 _f25
654 _ajob
245 _aLoving your job
260 _bBetter Yourself Books
_aBandra
_c2000
082 _a170/ALL
_bALL
300 _a159
546 _aENGLISH
999 _c20401
_d20401